000
00289nam a22001337a 4500
008
180806b xxu||||| |||| 00| 0 eng d
082
_a
813.52
245
_a
Cosmic Perspective
_c
Bennett
260
_c
2004
300
_a
1
_f
CD
440
_x
0805387196
760
_b
3rd
942
_2
ddc
_c
MX
999
_c
46847
_d
46847